| 000 -ლიდერი |
| ფიქსირებული სიგრძის საკონტროლო ველი |
01635nam a2200277Ia 4500 |
| 001 - საკონტროლო ნომერი |
| საკონტროლო ველი |
399 |
| 003 - საკონტროლო ნომრის იდენტიფიკატორი |
| საკონტროლო ველი |
GE_BSU |
| 005 - ბოლო ოპერაციის თარიღი და დრო |
| საკონტროლო ველი |
20220519133516.0 |
| 008 - ფიქსირებული სიგრძის მონაცემთა ელემენტები - ზოგადი ინფორმაცია |
| ფიქსირებული სიგრძის საკონტროლო ველი |
181216s2009||||ge |||||||||||||| ||geo|| |
| 020 ## - წიგნის საერთაშორისო სტანდარტული ნომერი |
| International Standard Book Number |
9789941410055 |
| 040 ## - კატალოგიზაციის წყარო |
| Transcribing agency |
GE_BSU |
| 041 ## - ენის კოდი |
| Language code of text/sound track or separate title |
geo |
| 080 ## - უნივერსალური ათობითი კლასიფიკაციის ინდექსი |
| Universal Decimal Classification number |
51(075.3) გ–15 |
| 245 ## - ცნობა სათაურის შესახებ |
| Title |
გავიმეოროთ მათემატიკა : |
| Remainder of title |
ნაწ. 2 : გეომეტრია, მონაცემთა ანალიზი, სტატისტიკა, ალბათობა / |
| Statement of responsibility, etc |
გურამ გოგიშვილი, თეიმურაზ ვეფხვაძე, ია მებონია, ლამარა ქურჩიშვილი. რედ. თეიმურაზ ვეფხვაძე. |
| 264 ## - წარმოების, გამოცემის, დისტრიბუციის და სხვა ცნობები |
| გამოცემის, წარმოების, დისტრიბუციის... ადგილი |
თბილისი : |
| გამოცემის, წარმოების, დისტრიბუციის... სახელწოდება |
ინტელექტი, |
| გამოცემის, წარმოების, დისტრიბუციის... თარიღი |
2009. |
| 300 ## - ფიზიკური აღწერა |
| Extent |
413 გვ.: |
| Other physical details |
სურ.; |
| Dimensions |
28 სმ. |
| 653 ## - INDEX TERM--UNCONTROLLED |
| Uncontrolled term |
გავიმეოროთ მათემატიკა |
| 653 ## - INDEX TERM--UNCONTROLLED |
| Uncontrolled term |
გეომეტრია,მონაცემთა ანალიზი,სტატისტიკა,ალბათობა |
| 653 ## - INDEX TERM--UNCONTROLLED |
| Uncontrolled term |
მათემატიკა |
| 700 ## - ADDED ENTRY--PERSONAL NAME |
| Personal name |
გოგიშვილი, გურამ |
| Relator term |
ავტორი |
| 9 (RLIN) |
5601 |
| 700 ## - ADDED ENTRY--PERSONAL NAME |
| Personal name |
ვეფხვაძე, თეიმურაზ |
| Relator term |
ავტორი |
| 9 (RLIN) |
5602 |
| 700 ## - ADDED ENTRY--PERSONAL NAME |
| Personal name |
მებონია, ია |
| Relator term |
ავტორი |
| 9 (RLIN) |
5603 |
| 700 ## - ADDED ENTRY--PERSONAL NAME |
| Personal name |
ქურჩიშვილი, ლამარა |
| Relator term |
ავტორი |
| 9 (RLIN) |
13781 |
| 700 ## - ADDED ENTRY--PERSONAL NAME |
| Personal name |
ვეფხვაძე, თეიმურაზ |
| Relator term |
რედაქტორი |
| 9 (RLIN) |
5602 |
| 942 ## - ADDED ENTRY ELEMENTS (KOHA) |
| Koha item type |
წიგნი |
| Source of classification or shelving scheme |
|